000 00416nam a2200181Ia 4500
001 24052
005 20260414151018.0
008 260414t2006||||xx |||||||||||||| ||spa||
041 _aESP
082 _a759.0652
_bH48
100 _aHess, Barbara
_eAUT
245 0 _aExpresionismo abstracto
_b
260 _c2006
300 _a95 páginas :
_ccm.
650 _aABD
654 _aCAU
942 _cLIB
_dJUS
_fJUS
_2ddc
_n
999 _c24052
_d24052